London Merchant Securities plc and Trendworthy Two Ltd v Islington LBC (Record no. 4917)

MARC details
000 -LEADER
fixed length control field 01663cab a2200241 4500
001 - CONTROL NUMBER
control field ABS38010
008 - FIXED-LENGTH DATA ELEMENTS--GENERAL INFORMATION
fixed length control field 090401t1987 xxu||||| |||| 00| 0 eng d
035 ## - SYSTEM CONTROL NUMBER
System control number (Sirsi) u8067
041 ## - LANGUAGE CODE
Language code of text/sound track or separate title eng
245 ## - TITLE STATEMENT
Title London Merchant Securities plc and Trendworthy Two Ltd v Islington LBC
260 ## - PUBLICATION, DISTRIBUTION, ETC.
Date of publication, distribution, etc. 1987
350 ## - PRICE (NR) (BK AM CF MU VM SE) [OBSOLETE]
Price 0
490 ## - SERIES STATEMENT
Series statement Weekly Law Reports
Volume/sequential designation (1987) 3 WLR 173-188(16)
520 ## - SUMMARY, ETC.
Summary, etc. HL 20 May 1987. Ratepayers`(R) appeal from CA decision allowing only in part their appeal from a cc decision which dismissed their appeal against a completion notice served by the rating authority relating to the Angel Centre . The completion notice stated the property would be treated as completed on 1 September 1983. R had appealed to cc on the grounds that the building could not reasonably be expected to be completed by then. Cc held, dismissing the appeal, that by March 1983 the building was substantially complete and that works customarily done after substantial completion could reasonably be carried out within six months. On appeal, CA held allowing the appeal that upon the evidence before him the judge could not properly have come to the conclusion he did on the time reasonably required for fitting out . R appealed to HL on the grounds which failed in CA. HL held, in determining the starting date for the customary works, it was necessary to determine when the building was comp
650 ## - SUBJECT ADDED ENTRY--TOPICAL TERM
Topical term or geographic name entry element COMPLETION NOTICES
650 ## - SUBJECT ADDED ENTRY--TOPICAL TERM
Topical term or geographic name entry element GENERAL RATE ACT 1967 S17
650 ## - SUBJECT ADDED ENTRY--TOPICAL TERM
Topical term or geographic name entry element SUBSTANTIALLY COMPLETED
650 ## - SUBJECT ADDED ENTRY--TOPICAL TERM
Topical term or geographic name entry element TRENDWORTHY TWO LIMITED
650 ## - SUBJECT ADDED ENTRY--TOPICAL TERM
Topical term or geographic name entry element UNOCCUPIED PROPERTY
690 ## - LOCAL SUBJECT ADDED ENTRY--TOPICAL TERM (OCLC, RLIN)
Topical term or geographic name as entry element RATING AND VALUATION-CASE LAW
942 ## - ADDED ENTRY ELEMENTS (KOHA)
Suppress in OPAC 0
948 ## - LOCAL PROCESSING INFORMATION (OCLC); SERIES PART DESIGNATOR (RLIN)
c (OCLC) 04/03/1997
Holdings
Withdrawn status Lost status Source of classification or shelving scheme Damaged status Not for loan Home library Current library Shelving location Date acquired Total Checkouts Full call number Barcode Date last seen Copy number Price effective from Koha item type
    Dewey Decimal Classification     London London Journal article 14/09/1999   ABS38010 8067-1001 06/08/2019 1 06/08/2019 Law report